Adrianne Lenker songs Songs - Statistics

General Stats
  • This quiz has been taken 67 times
  • The average score is 8 of 11
Answer Stats
Hint Answer % Correct
3 anything
88%
8 zombie girl
88%
6 half return
76%
9 not a lot, just forever
76%
7 come
71%
4 forwards beckon rebound
69%
2 ingydar
67%
11 my angel
67%
10 dragon eyes
64%
1 two reverse
55%
5 heavy focus
43%
No matching quizzes found
Score Distribution
Percent of People with Each Score
Percentile by Number Answered
Your Score History
You have not taken this quiz